[Event "Oberliga NRW 1011"]
[Site "Germany"]
[Date "2010.12.19"]
[Round "4.5"]
[White "Kartsev, Soel"]
[Black "Peerlings, Camiel"]
[Result "1-0"]
[WhiteElo "2202"]
[BlackElo "2196"]
[PlyCount "83"]
[EventDate "2010.09.26"]
[EventType "team-tourn"]
[EventRounds "9"]
[EventCountry "GER"]
[SourceTitle "EXT 2012"]
[Source "ChessBase"]
[SourceDate "2011.11.24"]
[SourceVersion "1"]
[SourceVersionDate "2011.11.24"]
[SourceQuality "1"]
[WhiteTeam "Castrop Rauxel"]
[BlackTeam "Muelheim Nord II"]
[WhiteTeamCountry "GER"]
[BlackTeamCountry "GER"]

1. d4 d6 2. e4 Nf6 3. Nc3 Nbd7 4. Nf3 e5 5. g4 Nxg4 6. Rg1 exd4 7. Nxd4 Nde5 8. Bf4 c6 9. Be2 Qf6 10. Qd2 g5 11. Bg3 h5 12. 0-0-0 h4 13. Bxe5 Nxe5 14. Kb1 Qf4 15. Rxg5 Qxd2 16. Rxd2 Bd7 17. Nf5 Bxf5 18. Rxf5 Ke7 19. f4 Bh6 20. Rd1 Ng6 21. Bc4 Raf8 22. Rf1 Rhg8 23. a4 Bg7 24. Ne2 a6 25. c3 b5 26. axb5 axb5 27. Bb3 c5 28. Bd5 Rh8 29. h3 Rh6 30. Rg1 Bf6 31. Kc2 Rfh8 32. Ra1 Nf8 33. e5 dxe5 34. fxe5 Bxe5 35. Rxe5+ Kd6 36. Rf5 f6 37. Ra6+ Ke7 38. Rb6 Nd7 39. Rxb5 Kd6 40. Bf3 Ne5 41. Rb6+ Ke7 42. Nf4 1-0

[Event "Oberliga NRW 0809"]
[Site "Germany"]
[Date "2009.02.01"]
[Round "6.1"]
[White "Lammens, Tim"]
[Black "Peerlings, Camiel"]
[Result "1-0"]
[WhiteElo "2350"]
[BlackElo "2194"]
[PlyCount "91"]
[EventDate "2008.09.21"]
[EventType "team-tourn"]
[EventRounds "9"]
[EventCountry "GER"]
[SourceTitle "EXT 2010"]
[Source "ChessBase"]
[SourceDate "2010.11.25"]
[SourceVersion "1"]
[SourceVersionDate "2010.11.25"]
[SourceQuality "1"]
[WhiteTeam "Gescher"]
[BlackTeam "Nord II"]
[WhiteTeamCountry "GER"]
[BlackTeamCountry "GER"]

1. c4 d6 2. g3 e5 3. Bg2 f5 4. Nc3 Nf6 5. d3 Be7 6. Nf3 c6 7. c5 d5 8. Nxe5 Bxc5 9. 0-0 Nbd7 10. Nxd7 Qxd7 11. Qc2 Bb6 12. b4 0-0 13. Bb2 Qf7 14. Na4 Bc7 15. Bxf6 gxf6 16. e3 Bd6 17. Rab1 Bd7 18. Nc5 Be8 19. d4 b6 20. Nd3 Bd7 21. Qb3 a5 22. a4 axb4 23. Nxb4 Qe7 24. Rfc1 Bxb4 25. Qxb4 Qxb4 26. Rxb4 Rfb8 27. Rcb1 Kf7 28. Bf1 Ke6 29. Kg2 Kd6 30. Rxb6 Rxb6 31. Rxb6 Rxa4 32. Rb8 Ra7 33. Kf3 c5 34. Rb6+ Ke7 35. dxc5 Rc7 36. Bb5 Bc8 37. Rc6 Rxc6 38. Bxc6 Be6 39. Kf4 Kd8 40. Bb5 Kc7 41. Bd3 Kc6 42. Bxf5 Bg8 43. Bc8 Kxc5 44. Kf5 d4 45. exd4+ Kxd4 46. Be6 1-0

[Event "Oberliga NRW 0809"]
[Site "Germany"]
[Date "2008.11.09"]
[Round "3.5"]
[White "Peerlings, Camiel"]
[Black "Wessendorf, Thomas"]
[Result "1-0"]
[WhiteElo "2194"]
[BlackElo "2292"]
[PlyCount "53"]
[EventDate "2008.09.21"]
[EventType "team-tourn"]
[EventRounds "9"]
[EventCountry "GER"]
[SourceTitle "EXT 2010"]
[Source "ChessBase"]
[SourceDate "2010.11.25"]
[SourceVersion "1"]
[SourceVersionDate "2010.11.25"]
[SourceQuality "1"]
[WhiteTeam "Nord II"]
[BlackTeam "Katernberg II"]
[WhiteTeamCountry "GER"]
[BlackTeamCountry "GER"]

1. e4 c5 2. Nf3 e6 3. d4 cxd4 4. Nxd4 a6 5. Bd3 Qc7 6. c4 Nf6 7. Nc3 d6 8. Be3 Nbd7 9. Rc1 Be7 10. 0-0 0-0 11. g4 Ne5 12. Be2 h6 13. f3 Re8 14. b3 Bd7 15. Rf2 Rac8 16. h4 Nh7 17. f4 Nc6 18. g5 g6 19. Rg2 hxg5 20. hxg5 Bf8 21. f5 Ne5 22. f6 Qd8 23. Qf1 d5 24. Rh2 Bd6 25. Qh3 Nf3+ 26. Nxf3 Bxh2+ 27. Qxh2 1-0